| 000 | 00661nam a22001817a 4500 | ||
|---|---|---|---|
| 999 |
_c166068 _d166068 |
||
| 005 | 20190712101500.0 | ||
| 010 | _aENG-125884 | ||
| 020 |
_a9789353434533 _c495.00 |
||
| 035 | _aEN-109416 | ||
| 037 | _bDBAD/PUB | ||
| 082 | _a342.54 | ||
| 100 | _aSubramanian, S.G. | ||
| 245 |
_aIndian constitution and Indian polity : _cby S.G. Subramanian _bfor civil service preliminary and main examination / |
||
| 260 |
_aNoida _bPearson India Education _c2019 |
||
| 270 |
_a15th Floor, Tower-B World Trade Tower, Plot No. 1 Block- C, Sector-16 _bNoida, Uttar Pradesh _e201301 |
||
| 300 |
_avarious paging. _c25cm(pbk) |
||
| 942 |
_2ddc _cEN _h342.54 _mSUB |
||